| 000 | 00743nam a2200253Ia 4500 | ||
|---|---|---|---|
| 001 | 11345 | ||
| 003 | GE_BSU | ||
| 008 | 181216s||||||||xx |||||||||||||| ||und|| | ||
| 020 | _a9785991628778 | ||
| 040 | _cGE_BSU | ||
| 080 | _a657 | ||
| 245 | _aАудит. | ||
| 245 | _bУчебник для бакалавров. | ||
| 245 | _cПод.ред:Т.М.Рогуленко. | ||
| 250 | _a5-е изд; перераб и доп. | ||
| 260 | _aМосква. | ||
| 260 | _bИздательство Юрайт. | ||
| 260 | _c2013. | ||
| 300 | _a541стр;20см. | ||
| 300 | _eБиблиогр стр:504-506 | ||
| 520 | _aГосударственный Университет Управления. | ||
| 653 | _aАудит. | ||
| 942 | _cBK | ||
| 999 |
_c44542 _d44542 |
||